000 nam a22 a 4500
999 _c386
_d386
003 AKMAL
005 20170503153806.0
008 170503s1999 my 00 may d
020 _a9676109827 (kkt. ):
_cRM16.00
040 _aAKMAL
082 0 4 _a113 ABD
_221
090 0 0 _a113
_bABD
100 0 _aAbdul Rahman Abdullah
_9876
245 1 0 _aFalsafah alam semesta di nusantara /
_cAbdul Rahman Abdullah
260 _aKuala Lumpur :
_bUtusan Publications & Distributors,
_c1999
300 0 0 _aviii, 135ms. :
_bil. ;
_c22cm
650 0 _aCosmology
_xPhilosophy
_xMalay Archipelago
_9877
942 _2ddc
_cBOOK